000
00376 a2200145 4500
005
20250530153929.0
008
250530b |||||||| |||| 00| 0 eng d
020
_a
9788171853038
041
_a
Marathi
100
_a
Bedekar V.
_9
118669
245
_a
एक झाड आणि दोन पक्षी
260
_b
Popular Prakashan
_c
2012
300
_a
315
942
_c
BK
999
_c
365171
_d
365171